Plodné staviteľské dielo Architekt Jozef Švidroň 90-ročný

Bibliographic Details
Main Author: A.Ž (Author)
Format: Article
Language:Slovak
PhysicalDescription:Obr. 2
ISSN:0139-8512
Subjects:

MARC

LEADER 00000nab a2200000 a 4500
001 vtls000623190
003 SK-MaSNL
005 20260302184941.0
008 160322c1997 xo 0 slo
015 |a SNBRB19rr/mm-uuuuu 
035 |a CL0623329 
040 |a SNKBUCL  |b slo  |c SNKBUCL  |e AACR2 
041 0 |a slo 
044 |a xo  |c SK 
080 |a 72.071.1  |2 1981 
080 |a 929 Švidroň, Jozef  |2 1981 
100 1 |a A.Ž.  |4 aut  |9 900865 
245 1 0 |a Plodné staviteľské dielo  |b Architekt Jozef Švidroň 90-ročný  |c A.Ž. 
300 |b Obr. 2 
600 1 7 |a Švidroň, Jozef  |d 1907-  |x profily  |2 snkbucl  |9 900866 
650 0 7 |a Švidroň, Jozef  |2 snkbucl  |9 900867 
655 7 |a články z novín a časopisov  |2 snkbucl  |9 267496 
773 0 |x 0139-8512  |t Katolícke noviny  |g Roč. 112, č. 23 (1997), s. 14 
850 |a Slovenská národná knižnica v Martine  |a MTA001 
852 |a SNK  |b KIS3GCP 
958 |a BX 
958 |a SK 
958 |a RK 
958 |a RBX 
999 |c 1427447  |d 1429377